000 00870nam a2200265Ia 4500
003 IN-BaIIA
008 211028s9999 xx s 000 0 eng d
020 _a978-3-642-12521-8 (Print)
020 _a978-3-642-12522-5 (Online)
022 _a0342-4111 (Print)
022 _a1556-1534 (Online)
040 _cIIA Library
100 _aDieing, Thomas
_938652
245 0 _aConfocal Raman Microscopy
_h[eBook]
260 _aHeidelberg, Berlin
_bSpringer Berlin Heidelberg
_c2011
300 _aOnline resource
490 _aSpringer Series in Optical Sciences
650 _a Engineering, general
_938570
650 _a Optics, Lasers, Photonics, Optical Devices
650 _aPhysics
_973
700 _aHollricher, Olaf
_938653
700 _aToporski, Jan
_938654
856 _uhttp://doi.org/10.1007/978-3-642-12522-5
_yClick Here to Access eBook
942 _cEB
999 _c20817
_d20817